- Monchamp, Eugénie,
Entry Nombre Personal
001 - NUMERO DE CONTROL
- campo de control: 52891
003 - IDENTIFICADOR DE NUMERO DE CONTROL
- campo de control: DLC
005 - FECHA Y HORA DE LA ÜLTIMA TRANSACCIÓN
- campo de control: 20240807092303.0
008 - DATOS DE LONGITUD FIJA
- campo de control de longitud fija: 150910n| azannaabn |a aaa c
010 ## - NÚMERO DE CONTROL DE LA BIBLIOTECA DEL CONGRESO
- Número de control LC: no2015120437
035 ## - NUMERO DE CONTROL
- Número de control: (OCoLC)oca10265385
040 ## - FUENTE DE CATALOGACIÓN
- Agencia original de catalogación: UkCU
- Lenguaje de catalogación: spa
- Description conventions: rda
- Agencia de transcripción: UkCU
- Agencia que lo modifica: MX-MxUPN
046 ## - FECHAS CON CODIFICACIÓN ESPECIAL
- Fecha de nacimiento: 1882
- Fuente del formato de fecha: edtf
100 1# - ENCABEZAMIENTO - NOMBRE PERSONAL
- Nombre personal: Monchamp, Eugénie,
- Fechas asociadas con el nombre: 1882-
370 ## - LUGAR ASOCIADO
- Associated country: Bélgica
372 ## - CAMPO DE ACTIVIDAD
- Field of activity: Educación
377 ## - LENGUA ASOCIADA
- Language code: fre
400 1# - VEÁSE - NOMBRE DE PERSONA
- Personal name: Monchamp,
- Titles and other words associated with a name: Mlle,
- Dates associated with a name: 1882-
400 1# - VEÁSE - NOMBRE DE PERSONA
- Personal name: Mlle Monchamp,
- Dates associated with a name: 1882-
670 ## - FUENTE EN LA QUE SE LOCALIZARON DATOS
- Cita de la fuente: Decroly, Ovide. L'initiation à l'activité intellectuelle et motrice par les jeux éducatifs, 1950:
- Información localizada: portada (Mlle Monchamp)
670 ## - FUENTE EN LA QUE SE LOCALIZARON DATOS
- Cita de la fuente: DNB database, September 10, 2015
- Información localizada: (Monchamp, Eugénie; born in 1882; nationality: Belgian)
670 ## - FUENTE EN LA QUE SE LOCALIZARON DATOS
- Cita de la fuente: La iniciación a la actividad intelectual y motriz por los juegos educativos, 1928:
- Información localizada: portada (Mlle Monchamp)
902 ## - CATALOGADOR
- Catalogador: Víctor Ruiz/070824
